000 00440nam a2200169Ia 4500
008 230711s9999||||xx |||||||||||||| ||und||
041 _aENG
082 _a539
_bEI-Q
100 _aEisberg,Robert
245 0 _aQuantum Physics of atoms, molecules, solids, nuclei and particles
250 _a2nd . Ed.
260 _c2007
_aNew Delhi
_bWiley Eastern Limited
300 _a712
650 _aPhysics
700 _aResnick,Robert
942 _cBK
999 _c4786
_d4786